Discos de Radiohead por foto - Estadísticas

Estadísticas generales
  • Esta prueba ha sido intentada 58 veces
  • La puntuación promedio es 7 de 9
Estadísticas de respuestas
Imagen Respuesta % Correcto
OK Computer
100%
Kid A
94%
The Bends
90%
In Rainbows
86%
Pablo Honey
84%
Amnesiac
65%
The King of Limbs
59%
A Moon Shaped Pool
55%
Hail to the Thief
55%
No se encontraron pruebas coincidentes
Distribución de puntuación
Porcentaje de gente con cada puntuación
Porcentaje por número respondido
Historial de tus puntuaciones
No has intentado esta prueba.